Merací systém intenzity osvetlenia pre účely skúšobníctva EMC

Gespeichert in:
Bibliographische Detailangaben
1. Verfasser: Galdun, Dominik (Verfasst von)
Weitere Verfasser: Valúch, Daniel (Betreuung Doktorarbeit)
Format: Manuskript Buch
Sprache:Slowakisch
Veröffentlicht: Bratislava : STU v Bratislave FEI, 2024
Schlagworte:
Online-Zugang:https://opac.crzp.sk/?fn=detailBiblioFormChildWRC78&sid=9A7D98113A4E7D6F09AC7EA0EB46&seo=CRZP-detail-kniha
Tags: Tag hinzufügen
Keine Tags, Fügen Sie das erste Tag hinzu!

MARC

LEADER 00000ntm a22000003a 4500
001 stuzp95431
003 SK-STU
005 20250414120600.2
007 ta
008 150427s2015----xo-----f-mn---000-0-slo-d
040 |a STU  |b slo 
041 0 |a slo 
044 |a xo 
100 1 |a Galdun, Dominik  |u 034000  |4 aut  |U FEI Fakulta elektrotechniky a informatiky  |T FEI Ústav elektrotechniky  |X 104023  |U E040  |Y 550  |7 104023 
242 0 1 |a Light intensity measurement apparatus for EMC testing  |y eng 
245 1 0 |a Merací systém intenzity osvetlenia pre účely skúšobníctva EMC 
260 |a Bratislava :  |b STU v Bratislave FEI,  |c 2024 
300 |a 121 s. 
650 4 |a testovanie  |2 slo 
650 4 |a odolnosť  |2 slo 
650 4 |a legislatíva  |2 slo 
650 4 |a elektromagnetizmus  |2 slo 
650 4 |a susceptibility  |2 eng 
650 4 |a testing  |2 eng 
650 4 |a electromagnetism  |2 eng 
650 4 |a legislation  |2 eng 
700 1 |a Valúch, Daniel  |u 034000  |k Z8  |4 ths  |U FEI Fakulta elektrotechniky a informatiky  |T FEI Ústav elektrotechniky  |X 71187  |U E040  |Y 550  |7 71187 
856 4 |u https://opac.crzp.sk/?fn=detailBiblioFormChildWRC78&sid=9A7D98113A4E7D6F09AC7EA0EB46&seo=CRZP-detail-kniha